<?xml version="1.0" encoding="UTF-8"?>
<record
    xmlns:xsi="http://www.w3.org/2001/XMLSchema-instance"
    xsi:schemaLocation="http://www.loc.gov/MARC21/slim http://www.loc.gov/standards/marcxml/schema/MARC21slim.xsd"
    xmlns="http://www.loc.gov/MARC21/slim">

  <leader>02805nam a22005057a 4500</leader>
  <controlfield tag="003">PE-LiUPU</controlfield>
  <controlfield tag="005">20250731170502.0</controlfield>
  <controlfield tag="008">240410b        |||||||| |||| 00| 0 spa d</controlfield>
  <datafield tag="020" ind1=" " ind2=" ">
    <subfield code="a">9789580424949</subfield>
  </datafield>
  <datafield tag="040" ind1=" " ind2=" ">
    <subfield code="a"> PE-LiUPU</subfield>
    <subfield code="b">spa</subfield>
    <subfield code="c"> PE-LiUPU</subfield>
    <subfield code="e">rda</subfield>
  </datafield>
  <datafield tag="082" ind1=" " ind2=" ">
    <subfield code="2">23</subfield>
    <subfield code="a">152.4</subfield>
    <subfield code="b">S556c</subfield>
  </datafield>
  <datafield tag="100" ind1="1" ind2=" ">
    <subfield code="a">Shinyashiki, Roberto</subfield>
    <subfield code="e">autor.</subfield>
    <subfield code="9">3927</subfield>
  </datafield>
  <datafield tag="245" ind1="1" ind2="3">
    <subfield code="a">La caricia esencial :</subfield>
    <subfield code="b">Una psicolog&#xED;a del afecto /</subfield>
    <subfield code="c">Roberto Shinyashiki.</subfield>
  </datafield>
  <datafield tag="264" ind1=" " ind2=" ">
    <subfield code="a">Bogot&#xE1; :</subfield>
    <subfield code="b">Grupo Editorial Norma,</subfield>
    <subfield code="c">1993. </subfield>
  </datafield>
  <datafield tag="300" ind1=" " ind2=" ">
    <subfield code="a">148 p&#xE1;ginas ; </subfield>
    <subfield code="c">22 cent&#xED;metros.</subfield>
  </datafield>
  <datafield tag="500" ind1=" " ind2=" ">
    <subfield code="a">Libro de autoayuda.</subfield>
  </datafield>
  <datafield tag="504" ind1=" " ind2=" ">
    <subfield code="a">Incluye referencias bibliogr&#xE1;ficas.</subfield>
  </datafield>
  <datafield tag="505" ind1=" " ind2=" ">
    <subfield code="a">Una historia de caricias -- &#xA1;&#xA1;&#xA1; Los adultos est&#xE1;n llegando !!! -- Hambres -- Caricias -- &#xBF;Qu&#xE9; hac&#xED;a usted ...?
Abajo la econom&#xED;a de caricias -- Mitos de la econom&#xED;a de caricias -- Factores sociales de la econom&#xED;a -- Caricias positivas-- Caricias negativas -- Conversaci&#xF3;n trivial -- Caricias de pl&#xE1;stico -- Caricias adecuadas- Ser versus hacer -- La domesticaci&#xF3;n del hombre -- El peque&#xF1;o chantajista -- Cr&#xED;ticas para dudar -- Crear abundancias de caricias -- Jugar a "ladrones y polic&#xED;as" -- Disfraces -- &#xBF;Cu&#xE1;les son sus creencias? -- Filtro de caricias -- Patr&#xF3;n de caricias -- La estructuraci&#xF3;n del tiempo -- Todos los d&#xED;as ella hace todo siempre igual -- Caricias argumentales -- No me venga con indirectas- Bater&#xED;a de caricias- Cortocircuito en la bater&#xED;a de caricias-- Cantidad m&#xED;nima de caricias para sobrevivir -- Huelga de caricias -- Pedir caricias-- Las personas diferentes necesitan caricias diferentes -- Se&#xF1;or o esclavo ... de s&#xED; mismo -- Realmente, yo no soy como era antiguamente -- Aceptaci&#xF3;n -- Problemas que persisten -- Nuestras dificultades-- Libertad -- Rechazo de caricias -- No hacer caricias -- &#xBF;Ser&#xE1; que &#xE9;l ya no me ama? -- Venganzas -- Si no te portas bien, el coco te llevar&#xE1; -- Caricias espec&#xED;ficas -- Las figuritas de la vida -- S&#xED;mbolos de amor -- Nido -- Permisos y prohibiciones -- Autocaricias -- Los mensajes para recibir caricias (camisetas) -- Cambiar las autocaricias-- Cambio- Nuestro mayor regalo.</subfield>
  </datafield>
  <datafield tag="526" ind1=" " ind2=" ">
    <subfield code="a">SEG68</subfield>
  </datafield>
  <datafield tag="526" ind1=" " ind2=" ">
    <subfield code="a">SEG70</subfield>
  </datafield>
  <datafield tag="526" ind1=" " ind2=" ">
    <subfield code="a">SEG69</subfield>
  </datafield>
  <datafield tag="526" ind1=" " ind2=" ">
    <subfield code="a">SEG67</subfield>
  </datafield>
  <datafield tag="526" ind1=" " ind2=" ">
    <subfield code="a">SEG43</subfield>
  </datafield>
  <datafield tag="526" ind1=" " ind2=" ">
    <subfield code="a">P144</subfield>
  </datafield>
  <datafield tag="526" ind1=" " ind2=" ">
    <subfield code="a">P143</subfield>
  </datafield>
  <datafield tag="526" ind1=" " ind2=" ">
    <subfield code="a">P131</subfield>
  </datafield>
  <datafield tag="526" ind1=" " ind2=" ">
    <subfield code="a">P122</subfield>
  </datafield>
  <datafield tag="526" ind1=" " ind2=" ">
    <subfield code="a">P120</subfield>
  </datafield>
  <datafield tag="526" ind1=" " ind2=" ">
    <subfield code="a">P117</subfield>
  </datafield>
  <datafield tag="526" ind1=" " ind2=" ">
    <subfield code="a">P112</subfield>
  </datafield>
  <datafield tag="526" ind1=" " ind2=" ">
    <subfield code="a">P110</subfield>
  </datafield>
  <datafield tag="526" ind1=" " ind2=" ">
    <subfield code="a">P106</subfield>
  </datafield>
  <datafield tag="526" ind1=" " ind2=" ">
    <subfield code="a">P101</subfield>
  </datafield>
  <datafield tag="526" ind1=" " ind2=" ">
    <subfield code="a">P80</subfield>
  </datafield>
  <datafield tag="526" ind1=" " ind2=" ">
    <subfield code="a">P59</subfield>
  </datafield>
  <datafield tag="526" ind1=" " ind2=" ">
    <subfield code="a">P54</subfield>
  </datafield>
  <datafield tag="526" ind1=" " ind2=" ">
    <subfield code="a">P35</subfield>
  </datafield>
  <datafield tag="526" ind1=" " ind2=" ">
    <subfield code="a">P33</subfield>
  </datafield>
  <datafield tag="526" ind1=" " ind2=" ">
    <subfield code="a">P30</subfield>
  </datafield>
  <datafield tag="650" ind1="1" ind2="4">
    <subfield code="a">Conducta</subfield>
    <subfield code="x">Psicolog&#xED;a</subfield>
    <subfield code="9">3925</subfield>
  </datafield>
  <datafield tag="650" ind1="1" ind2="0">
    <subfield code="a">Emociones</subfield>
    <subfield code="9">964</subfield>
  </datafield>
  <datafield tag="700" ind1=" " ind2=" ">
    <subfield code="a">Santamar&#xED;a, Consuelo de,</subfield>
    <subfield code="e">traductora.</subfield>
    <subfield code="9">3926</subfield>
  </datafield>
  <datafield tag="942" ind1=" " ind2=" ">
    <subfield code="2">ddc</subfield>
    <subfield code="c">BK</subfield>
    <subfield code="n">0</subfield>
  </datafield>
  <datafield tag="980" ind1=" " ind2=" ">
    <subfield code="6">18228</subfield>
    <subfield code="a">Christian Lazo Analista Documental</subfield>
    <subfield code="8">1</subfield>
    <subfield code="g">ALBERTO SANCHEZ Responsable de Automatizaci&#xF3;n</subfield>
  </datafield>
  <datafield tag="999" ind1=" " ind2=" ">
    <subfield code="c">62363</subfield>
    <subfield code="d">62362</subfield>
  </datafield>
  <datafield tag="952" ind1=" " ind2=" ">
    <subfield code="r">2025-12-02 00:00:00</subfield>
    <subfield code="l">2</subfield>
    <subfield code="o">152.4 S556c</subfield>
    <subfield code="p">81981</subfield>
    <subfield code="s">2025-11-04</subfield>
    <subfield code="t">e1</subfield>
    <subfield code="v">49.93</subfield>
    <subfield code="w">2024-04-10</subfield>
    <subfield code="x">FCS</subfield>
    <subfield code="y">BK</subfield>
    <subfield code="1">0</subfield>
    <subfield code="2">ddc</subfield>
    <subfield code="5">0</subfield>
    <subfield code="7">0</subfield>
    <subfield code="8">GEN</subfield>
    <subfield code="f">P33</subfield>
    <subfield code="a">BUL</subfield>
    <subfield code="b">BUL</subfield>
    <subfield code="c">GEN</subfield>
    <subfield code="d">2023-02-12</subfield>
    <subfield code="e">Donaci&#xF3;n, Alejandro Indacochea</subfield>
  </datafield>
</record>
